00000000nam##2200000za#4500
0019.662937
003CaOODSP
00520240527135428
007ta
008150407|2001||||xxc|||||     f|0| 0 eng|d
020 |a0-660-61641-6
040 |aCaOODSP|beng
041 |aeng
041 |afre
043 |an-cn---
0861 |aCW66-203/2001
1102 |aCanadian Wildlife Service.
24510|aCITES identification guide -- sturgeons and paddlefish
260 |aOttawa - Ontario : |bEnvironment Canada. |c2001.
300 |a151p. In various pagings. ; |c28 cm.
500 |anull
546 |aText in English, French and Spanish
563 |aSpiral binding
590 |a01-41|b2001-10-12
7760#|tGuide d'identification CITES - esturgeons et spatules |w(CaOODSP)9.675336
792 |tGuide d'identification CITES - esturgeons et spatules |efre|w(CaOODSP)9.662938